MARC

LEADER 00000cam a2200000 7i4500
001 0000002247
005 20030416.0
090 0 0 |a 363.11963498   |b SEM 1985 
110 1 0 |a SEMINAR on Occupational Safety in Logging Industry in Sarawak   |k 1985   |j Kuching 
245 1 0 |a Proceedings of the Seminar on Occupational Safety in Logging Industry in Sarawak, 19-20 August 1985, Kuching, Sarawak   |c edited by Abdillah Haji Abdul Rahim & Abang Naruddin Zainorin 
260 0 0 |a Kuching :   |b Perbadanan Perusahaan Kemajuan Kayu Sarawak ,   |c 1985 
300 |a 234 p. :   |b ill. ;   |c 30 cm. 
500 0 0 |a Includes bibliographies 
650 0 0 |a Forests and forestry   |z Sarawak   |x Safety measures   |x Forest and forestry   |z Sarawak   |x Safety measures   |x Congresses 
650 0 0 |a Logging   |z Sarawak   |x Accidents   |x Congresses 
650 0 0 |a Logging   |z Sarawak   |x Safety measures   |x Congresses 
650 0 0 |a Social security   |z Sarawak   |x Congresses 
700 0 1 |a Abdillah   |u Haji .  |a Abdul Rahim 
700 0 1 |a Naruddin Zainorin   |f Abang 
710 1 1 |a Perbadanan Perusahaan Kemajuan Kayu Sarawak 
745 1 1 |a Occupational safety in logging industry in Sarawak 
998 |a JPSM 
999 |a 0000003139   |b Monograph   |c Open Shelf   |e Default branch